Human anatomy physiology (Registro nro. 13136)
[ vista simple ]
| 000 -CABECERA | |
|---|---|
| Longitud fija campo de control | 00852cam a22002771a 4500 |
| 001 - NÚMERO DE CONTROL | |
| Número de control | 9148181 |
| 003 - IDENTIFICADOR DELl NÚMERO DE CONTROL | |
| Identificador del número de control | OSt |
| 005 - FECHA Y HORA DE LA ÚLTIMA TRANSACCIÓN | |
| Fecha y hora de la última transacción | 20140821162509.0 |
| 008 - CÓDIGOS DE INFORMACIÓN DE LONGITUD FIJA | |
| Códigos de información de longitud fija | 760915s2004 paua 001 0 eng |
| 010 ## - NÚMERO DE CONTROL DE LA BIBLIOTECA DEL CONGRESO | |
| Número de control de LC | 07009100 |
| 020 ## - NÚMERO INTERNACIONAL NORMALIZADO PARA LIBROS | |
| Número Internacional Normalizado para Libros (ISBN) | 0-07-243891-6 |
| 040 ## - FUENTE DE LA CATALOGACIÓN | |
| Centro transcriptor | BMC |
| 082 ## - NÚMERO DE LA CLASIFICACIÓN DECIMAL DEWEY | |
| Númeroo de clasificación | 611.370 |
| 082 ## - NÚMERO DE LA CLASIFICACIÓN DECIMAL DEWEY | |
| Númeroo de clasificación | 612.07 |
| 100 1# - PUNTO DE ACCESO PRINCIPAL-NOMBRE DE PERSONA | |
| Nombre de persona | Martin, Terry R. |
| 9 (RLIN) | 24059 |
| 245 10 - MENCIÓN DE TÍTULO | |
| Título | Human anatomy physiology |
| Resto del título | : laboratory manual |
| Mención de responsabilidad, etc. | Terry R. Martin ; [colaboradores, David Shier, Jackie Butler, Ricki Lewis] |
| 250 ## - MENCIÓN DE EDICIÓN | |
| Mención de edición | 10th ed |
| 260 ## - PUBLICACIÓN, DISTRIBUCIÓN, ETC. (PIE DE IMPRENTA) | |
| Lugar de publicación, distribución, etc. | Boston [etc.] |
| Nombre del editor, distribuidor, etc. | McGraw-Hill Higher Education |
| Fecha de publicación, distribución, etc. | cop. 2004 |
| 300 ## - DESCRIPCIÓN FÍSICA | |
| Extensión | XII, 516 p. |
| Otras características físicas | il. |
| Dimensiones | 27 cm |
| 650 24 - PUNTO DE ACCESO ADICIONAL DE MATERIA - TÉRMINO DE MATERIA | |
| Término de materia o nombre geográfico como elemento inicial | Anatomía humana |
| 9 (RLIN) | 7938 |
| Subdivisión de materia general | Enseñanza |
| 650 24 - PUNTO DE ACCESO ADICIONAL DE MATERIA - TÉRMINO DE MATERIA | |
| Término de materia o nombre geográfico como elemento inicial | Fisiología humana |
| 9 (RLIN) | 24058 |
| Subdivisión de materia general | Enseñanza |
| 700 1# - PUNTO DE ACCESO ADICIONAL - NOMBRE DE PERSONA | |
| 9 (RLIN) | 24060 |
| Nombre de persona | Shier, David |
| 700 1# - PUNTO DE ACCESO ADICIONAL - NOMBRE DE PERSONA | |
| 9 (RLIN) | 24061 |
| Nombre de persona | Butler, Jackie |
| 700 1# - PUNTO DE ACCESO ADICIONAL - NOMBRE DE PERSONA | |
| 9 (RLIN) | 24062 |
| Nombre de persona | Lewis, Ricki |
| 942 ## - ENTRADA DE ELEMENTOS AGREGADOS (KOHA) | |
| Fuente de clasificaión o esquema | Dewey Decimal Classification |
| Koha [por defecto] tipo de item | 1- Monografias |
| Suprimido | Perdido | Fuente de clasificación o esquema | Estropeado | Restricciones de uso | No para préstamo | Código de colección | Localización permanente | Localización actual | Localización en estanter&íacute;as | Fecha adquisición | Fuente de adquisición | Número de inventario | Préstamos totales | Signatura completa | Código de barras | Fecha última consulta | Coste, precio reemplazado | Fecha del precio de reemplazo | Tipo de item de Koha |
|---|---|---|---|---|---|---|---|---|---|---|---|---|---|---|---|---|---|---|---|
| NULL | NULL | Dewey Decimal Classification | NULL | Préstamo en Sala | NULL | NULL | Biblioteca Miguel de Cervantes - UNICAES | Biblioteca Miguel de Cervantes - UNICAES | Sala Principal | 21/08/2014 | Donación - FEPADE | 020743 | 611.370 MAR hum | 1021100 | 21/08/2014 | 9.16 | 21/08/2014 | 1- Monografias |